Félistenek A dobozkészítő ; A szürke cickány

Bibliographic Details
Main Author: Necz, Dániel, 1989- (Author)
Format: Article
Language:Slovak
Hungarian
ISSN:1335-1826
Subjects:

MARC

LEADER 00000nab a2200000 a 4500
001 vtls009482347
003 SK-MaSNL
005 20260304151653.0
008 250506c2009 xo |||||||| |000 b|slo
015 |a SNBRB2009/03  |2 snkbucl 
035 |a (uuid)941b1055-39cf-4eb8-9ee5-94a8321b0430 
035 |a urn:nbn:sk:snk-ab1yd6 
035 |a (urnnbn)urn:nbn:sk:snk:ar-a0189n 
038 |a SNKBUCL 
040 |a SNKBUCL  |b slo  |c SNKBUCL  |e AACR2 
041 0 |a hun 
044 |a xo  |c SK 
080 |a 821.511.141-32=511.141  |2 1997 
100 1 |a Necz, Dániel,  |d 1989-  |4 aut  |9 1473201 
245 1 0 |a Félistenek  |b A dobozkészítő ; A szürke cickány  |c Necz Dániel 
500 |a Blok obsahuje 3 novely 
650 0 7 |a psychologické poviedky, maďarské  |2 snkbucl  |9 71096 
740 0 2 |a A dobozkészítő 
740 0 2 |a A szürke cickány 
773 0 |t Kalligram : művészet és gondolat  |g Évf. XVIII, sz. február (2009), o. 34-38  |x 1335-1826 
850 |a Slovenská národná knižnica 
852 |a Slovenská národná knižnica 
958 |a article27 
958 |a OND 
958 |a HU 
958 |a LX 
958 |a EUIPO 
999 |c 2945158  |d 2947088